Central Library OPAC University of Rajshahi

অরন্য পার্বত্য নদী ও সমুদ্র / (Record no. 41034)

MARC details
000 -LEADER
fixed length control field 00889nam a2200229 a 4500
001 - CONTROL NUMBER
control field 41034
003 - CONTROL NUMBER IDENTIFIER
rucl marc code BD-RjUL
005 - DATE AND TIME OF LATEST TRANSACTION
control field 20211209053321.0
008 - FIXED-LENGTH DATA ELEMENTS--GENERAL INFORMATION
fixed length control field 160514s1949 bg ||||| |||| 00| f ben d
020 ## - INTERNATIONAL STANDARD BOOK NUMBER
Terms of availability PRs. 2.00
035 ## - SYSTEM CONTROL NUMBER
System control number (BD-RjUL)41150
040 ## - CATALOGING SOURCE
Original cataloging agency BD-RjUL
Language of cataloging ben
Transcribing agency BD-RjUL
Modifying agency BD-RjUL
041 ## - LANGUAGE CODE
Language code of text/sound track or separate title ben
082 ## - DEWEY DECIMAL CLASSIFICATION NUMBER
Edition number 23
Classification number 891.443
Author mark and year JAA 1949
100 ## - MAIN ENTRY--PERSONAL NAME
Personal name জামান, আশরাফ উজ
9 (RLIN) 126271
245 10 - TITLE STATEMENT
Title অরন্য পার্বত্য নদী ও সমুদ্র /
Statement of responsibility, etc. আশরাফ উজ জামান
260 ## - PUBLICATION, DISTRIBUTION, ETC. (IMPRINT)
Place of publication, distribution, etc. ঢাকা :
Name of publisher, distributor, etc. মখদুমী অ্যান্ড আহছানউল্লাহ লাইব্রেরী,
Date of publication, distribution, etc. ১৯৪৯ (১৩৫৬)
300 ## - PHYSICAL DESCRIPTION
Pagination [৪], ১০৪ পৃ. ;
Size ১৮ সেমি.
650 ## - SUBJECT ADDED ENTRY--TOPICAL TERM
Topical term or geographic name as entry element বাংলা উপন্যাস
9 (RLIN) 126272
Topical term or geographic name as entry element Bengali Fiction
9 (RLIN) 126273
942 ## - ADDED ENTRY ELEMENTS (KOHA)
Source of classification or shelving scheme Dewey Decimal Classification
Koha item type Books
Holdings
Lost status Source of classification or shelving scheme Damaged status Not for loan Collection code Permanent Location Current Location Shelving location Date acquired Source of acquisition Cost, normal purchase price Total Checkouts Full call number Date last seen Copy number Koha item type
  Dewey Decimal Classification     Fiction Central Library, University of Rajshahi Central Library, University of Rajshahi   01/08/1968 Prantik, Rajshahi 2.00   B 891.443 JAA 1949 14/05/2016 C-2 Books